Statistics for the bfb quiz

Click here to take the quiz!

General Stats

  • This quiz has been taken 10 times
  • The average score is 41 of 62

Answer Stats

Contestants% Correct
8Ball
89%
Barf Bag
78%
Bomby
78%
Cake
78%
Basketball*
78%
Bell
78%
Bottle
78%
Pen
78%
Pin
78%
Spongy
78%
Woody
78%
Blocky
67%
Bubble
67%
Coiny
67%
David
67%
Balloony
67%
Black Hole
67%
Book
67%
Bracelety
67%
Donut
67%
Dora
67%
Eggy
67%
Eraser
67%
Fanny
67%
Firey
67%
Firey Jr.
67%
Flower
67%
Foldy
67%
Fries
67%
Gelatin
67%
Golfball
67%
Grassy
67%
IceCube
67%
Lollipop
67%
Loser
67%
Match
67%
Nickel
67%
Pencil
67%
Pie
67%
Pillow
67%
Roboty
67%
Ruby
67%
Snowball
67%
Stapy
67%
Teardrop
67%
Tennisball
67%
Tree
67%
Clock
56%
Cloudy
56%
Lightning
56%
Liy
56%
Marker
56%
Naily
56%
Needle
56%
Robot Flower
56%
Rocky
56%
Taco
56%
TV
56%
Yellow face
56%
Gaty
44%
Remote
44%
Saw
44%

Score Distribution

Percentile by Number Answered

Percent of People with Each Score

Your Score History

You have not taken this quiz